| 000 | 00747nam a2200241Ia 4500 | ||
|---|---|---|---|
| 003 | OSt | ||
| 005 | 20220925204850.0 | ||
| 006 | a|||||r|||| 00| 0 | ||
| 007 | ta | ||
| 008 | 220923b |||||||| |||| 00| 0 eng d | ||
| 037 | _cGeneral Book | ||
| 040 |
_aRTL _cRTL _beng |
||
| 041 |
_2eng _aeng |
||
| 082 | _aV212.L01<-----K63, H2;L6 | ||
| 100 |
_aJacob H K S _9269145 |
||
| 245 | 0 |
_aNetherlands in Kerala, 1663-1701 _b (The Dutch in Ke |
|
| 260 |
_aHague _bMartinus Nijhoff _c1976 |
||
| 300 |
_axc,437p+1 map _ccm. |
||
| 490 | _aRijks Geschied Kundige Publication , 43. Dutch | ||
| 650 |
_aHistory Tamil Nadu _9235554 |
||
| 942 |
_hV212.L01<-----K63, H2;L6 _cGB _2CC |
||
| 999 |
_c550606 _d550606 |
||